00970nam a2200241Ia 4500001000600000003000900006008004100015040001300056040001300069041001300082100001700095100002900112245005200141245005100193250001100244260001100255260002700266260004900293300004200342500029800384650001500682650003100697E5479IT-RoPAU130308s9999 xx 000 0 und d aIT-RoPAU cIT-RoPAU aITALIANO aHuaqing Yuan gCodice Aut. SPICS: 48553 aScrittura cinese (La). Storia degli ideogrammi  bScrittura Cinese (La). storia degli Ideogrammi a2a ed. aMILANO bVallardi A. - Garzanti c1996 [1° Ed.:1993 - Ed.Ling.Originale:1993] a"296 p. (prefazione: 38; testo: 258)" aSignificato e Origine dei Caratteri cinesi Dallo Stile Jia Gu Wen fino Ad Oggi. Caratteri su Gusci di Tartaruga e su Ossa Animali, su Bronzi. Stile del Piccolo Sigillo, Stile Amministrativo, Stile Corsivo, Stile Esemplare, Stile Corrente. Caratteri Semplificati. indice per numero di Trattini. aSEGNOLOGIA eCodice materia Spics: 3001